LEADER 01787oam 2200493M 450 001 9910716381303321 005 20200213070547.9 035 $a(CKB)5470000002520319 035 $a(OCoLC)1065871126 035 $a(OCoLC)995470000002520319 035 $a(EXLCZ)995470000002520319 100 $a20071213d1926 ua 0 101 0 $aeng 135 $aurcn||||||||| 181 $ctxt$2rdacontent 182 $cc$2rdamedia 183 $acr$2rdacarrier 200 10$aBridge across the Susquehanna River. January 14, 1926. -- Referred to the House Calendar and ordered to be printed 210 1$a[Washington, D.C.] :$c[U.S. Government Printing Office],$d1926. 215 $a1 online resource (2 pages) 225 1 $aHouse report / 69th Congress, 1st session. House ;$vno. 90 225 1 $a[United States congressional serial set ] ;$v[serial no. 8531] 300 $aBatch processed record: Metadata reviewed, not verified. Some fields updated by batch processes. 300 $aFDLP item number not assigned. 606 $aBridge construction industry 606 $aBridges$xDesign and construction 606 $aBridges 606 $aLegislative amendments 608 $aLegislative materials.$2lcgft 615 0$aBridge construction industry. 615 0$aBridges$xDesign and construction. 615 0$aBridges. 615 0$aLegislative amendments. 701 $aPhipps$b Lawrence Cowle$f1862-1958$pRepublican (CO)$01396952 801 0$bWYU 801 1$bWYU 801 2$bOCLCO 801 2$bOCLCQ 801 2$bOCLCO 801 2$bOCLCQ 906 $aBOOK 912 $a9910716381303321 996 $aBridge across the Susquehanna River. January 14, 1926. -- Referred to the House Calendar and ordered to be printed$93457951 997 $aUNINA LEADER 01402nam 2200433 450 001 9910817442403321 005 20200520144314.0 010 $a1-63322-428-7 035 $a(CKB)3710000001086679 035 $a(Au-PeEL)EBL4814075 035 $a(CaPaEBR)ebr11353708 035 $a(OCoLC)975224265 035 $a(CaSebORM)9781633221949 035 $a(MiAaPQ)EBC4814075 035 $a(EXLCZ)993710000001086679 100 $a20170316h20172017 uy| 0 101 0 $aeng 135 $aurcnu|||||||| 181 $2rdacontent 182 $2rdamedia 183 $2rdacarrier 200 10$aBeginning pastel $etips and techniques for learning to paint in pastel /$fPaul Pigram 205 $a1st edition 210 1$aLake Forest, CA :$cWalter Foster,$d[2017] 210 4$dİ2017 215 $a1 online resource (131 pages) $ccolor illustrations 225 0 $aPortfolio 311 $a1-63322-194-6 330 $aBeginning Pastel guides beginning artists through an exploration of pastel techniques and step-by-step projects for a comprehensive and approachable overview of this colorful medium. 606 $aPastel drawing$xTechnique 615 0$aPastel drawing$xTechnique. 700 $aPigram$b Paul$01695896 801 0$bMiAaPQ 801 1$bMiAaPQ 801 2$bMiAaPQ 906 $aBOOK 912 $a9910817442403321 996 $aBeginning pastel$94075443 997 $aUNINA LEADER 03171nam 22007691 450 001 9910962433003321 005 20171127111032.0 010 $a9781474275828 010 $a1474275826 010 $a9781474275842 010 $a1474275842 010 $a9781474275835 010 $a1474275834 024 7 $a10.5040/9781474275842 035 $a(CKB)4100000005465567 035 $a(MiAaPQ)EBC5419729 035 $a(OCoLC)1013519130 035 $a(UtOrBLW)bpp09262007 035 $a(MiAaPQ)EBC6163531 035 $a(UtOrBLW)BP9781474275842BC 035 $a(Perlego)808580 035 $a(EXLCZ)994100000005465567 100 $a20180531d2018 uy 0 101 0 $aeng 135 $aurcnu|||||||| 181 $2rdacontent 182 $2rdamedia 183 $2rdacarrier 200 10$aModernism and the law /$fRobert Spoo 210 1$aLondon ;$aNew York :$cBloomsbury Academic,$d2018. 215 $a1 online resource (209 pages) $cillustrations 225 0 $aNew modernisms series 311 08$a9781474275811 311 08$a1474275818 311 08$a9781474275804 311 08$a147427580X 320 $aIncludes bibliographical references and index. 327 $aOscar Wilde, man of law -- Obscenity and censorship -- Copyright, patronage, and courtesy -- Privacy, publicity, defamation, and blackmail -- Ezra Pound, man of war. 330 $a"Exploring critical legal issues and cases of the period--from Oscar Wilde's prosecution for gross indecency to legal bans on such publications as D.H. Lawrence's Lady Chatterley's Lover, Radclyffe Hall's The Well of Loneliness, and James Joyce's Ulysses--Modernism and the Law is the first book to survey the legal contexts of transatlantic Anglo-American modernist culture. Written by one of the leading authorities on the subject, the book covers such topics as: 1) Obscenity laws and censorship; 2) Copyrights, moral rights, and the public domain; 3) Patronage and literary piracy; 4) Privacy, defamation, publicity, and blackmail. Including an annotated list of relevant statutes, treaties, and cases, this is an essential read for scholars and students coming to the subject for the first time as well as for experienced scholars."--Bloomsbury Publishing. 410 0$aNew modernisms series (Bloomsbury (Firm)) 606 $aCensorship 606 $aCopyright 606 $aCulture and law 606 $aExtortion 606 $aLibel and slander 606 $aModernism (Christian theology) 606 $aObscenity (Law) 606 $aPornography in literature 606 $aPublicity (Law) 606 $2Literary studies: from c 1900 - 615 0$aCensorship. 615 0$aCopyright. 615 0$aCulture and law. 615 0$aExtortion. 615 0$aLibel and slander. 615 0$aModernism (Christian theology) 615 0$aObscenity (Law) 615 0$aPornography in literature. 615 0$aPublicity (Law) 676 $a340/.115 700 $aSpoo$b Robert E.$0221467 801 0$bUtOrBLW 801 1$bUtOrBLW 906 $aBOOK 912 $a9910962433003321 996 $aModernism and the law$94479974 997 $aUNINA